| 000 | 01128njm a22002657a 4500 | ||
|---|---|---|---|
| 005 | 2010090302592.0 | ||
| 006 | a|||||r|||||00| 0 | ||
| 007 | sd ammalaaahaa | ||
| 008 | 100830t xxu||||| |||| 00| 0 eng d | ||
| 028 |
_aN.16752 _bHis Master's Voice |
||
| 035 | _aGR-222 | ||
| 040 |
_aSED _cSED |
||
| 100 |
_aJagmohan _917814 |
||
| 245 |
_aPyar ki manjil nahi hai- Geet / _cby Jagmohan; lyrics by Faiaz Hashmi; music by Kamal Das-Gupta _h[soung recording] : |
||
| 246 | _aप्यार की मंजिल नहीं है - गीत / द्वारा जगमोहन | ||
| 260 |
_aDum Dum, India _bHis Master's Voice |
||
| 300 |
_a1 sound disc [Gramophone Recording] : _banalog, 33 1/3 rpm _c9.5 in (MP) _fGramophone Record |
||
| 500 | _aBrief record | ||
| 505 | _aSide-2 जल रहे हैं अरमान- गीत (Jal rahe hain armaan- Geet) (Jagmohan) | ||
| 650 |
_bClassical music _xExcerpts. _zIndia _917460 |
||
| 700 |
_aHashmi, Faiaz _918190 |
||
| 700 |
_aDas-Gupta, Kamal _918191 |
||
| 942 |
_2ddc _cGR |
||
| 999 |
_c43658 _d43658 |
||